[Event "2nd Sharjah Masters 2018"]
[Site "Sharjah UAE"]
[Date "2018.04.14"]
[Round "3.32"]
[White "Hejazipour, Mitra"]
[Black "Kakulidis, Ellen"]
[Result "1-0"]
[WhiteTitle "WGM"]
[BlackTitle "WCM"]
[WhiteElo "2304"]
[BlackElo "1975"]
[WhiteFideId "12505951"]
[BlackFideId "1444972"]
[EventDate "2018.04.12"]

1. d4 d5 2. Nf3 e6 3. c4 Nf6 4. g3 Be7 5. Bg2 O-O 6. O-O c6 7. Nc3 b6 8. b3 Ba6
9. Qd3 Nbd7 10. e4 dxc4 11. bxc4 b5 12. cxb5 cxb5 13. e5 Nd5 14. Nxd5 exd5 15.
Re1 Nb6 16. h4 h6 17. e6 fxe6 18. Bxh6 gxh6 19. Qg6+ Kh8 20. Qxh6+ Kg8 21. Qg6+
Kh8 22. Re5 Rf5 23. Rxf5 exf5 24. Ne5 1-0

[Event "2nd Sharjah Masters 2018"]
[Site "Sharjah UAE"]
[Date "2018.04.14"]
[Round "3.33"]
[White "Sun, Chao"]
[Black "Dhulipalla, Bala Chandra Prasad"]
[Result "0-1"]
[BlackTitle "IM"]
[WhiteElo "2041"]
[BlackElo "2294"]
[WhiteFideId "8622990"]
[BlackFideId "25005812"]
[EventDate "2018.04.12"]

1. Nf3 Nc6 2. d4 d5 3. c4 Bg4 4. e3 e6 5. Nc3 Bb4 6. a3 Bxc3+ 7. bxc3 Nf6 8. Be2
O-O 9. O-O Na5 10. Nd2 Bxe2 11. Qxe2 Qd6 12. a4 Qa6 13. Ba3 Rfe8 14. Rfb1 Nd7
15. Rb5 c6 16. Bb4 b6 17. Bxa5 cxb5 18. axb5 Qb7 19. Bb4 a5 20. bxa6 Rxa6 21.
Rd1 Rea8 22. h3 Nf6 23. f3 Ra2 24. e4 Qa6 25. Qf1 Rc2 26. cxd5 exd5 27. Qxa6
Rxa6 28. Kf1 Raa2 29. Ke1 b5 30. g4 h6 31. e5 Nd7 32. Ke2 Nb6 33. Ke3 Rxd2 0-1

[Event "2nd Sharjah Masters 2018"]
[Site "Sharjah UAE"]
[Date "2018.04.14"]
[Round "3.34"]
[White "Dixit, Nikhil"]
[Black "Mahitosh, Dey"]
[Result "1/2-1/2"]
[WhiteElo "2285"]
[BlackElo "1913"]
[WhiteFideId "5059534"]
[BlackFideId "25091468"]
[EventDate "2018.04.12"]

1. e4 e5 2. Nf3 Nc6 3. Nc3 Nf6 4. d4 exd4 5. Nxd4 Bb4 6. Nxc6 bxc6 7. Bd3 d5 8.
exd5 cxd5 9. O-O O-O 10. Bg5 c6 11. Qf3 Be7 12. Rae1 Rb8 13. Nd1 Be6 14. Bf5
Bxf5 15. Qxf5 Ne4 16. Bxe7 Qxe7 17. Re3 g6 18. Qf4 f5 19. h4 Qc5 20. Rfe1 d4 21.
R3e2 Rbe8 22. Kh2 h6 23. Qxh6 Qd6+ 24. Kg1 Re7 25. g3 Rh7 26. Qc1 g5 27. Rxe4
fxe4 28. Rxe4 gxh4 29. Rxh4 Rxh4 30. Qg5+ Kf7 31. Qxh4 Qe5 32. Qh7+ Ke6 33. Qg6+
Kd5 34. Qd3 Qe1+ 35. Kg2 Qe4+ 36. f3 Qxd3 37. cxd3 c5 38. b3 Kc6 39. g4 Kb5 40.
Kg3 Kb4 41. g5 Ka3 42. Kg4 Kxa2 43. f4 Kxb3 44. g6 a5 45. f5 a4 46. g7 Rg8 47.
f6 a3 48. Kf5 a2 49. f7 Rxg7 50. f8=Q a1=Q 51. Qxg7 Qxd1 52. Qg8+ Kb2 53. Qc4
Qc2 54. Qb5+ Qb3 55. Qxc5 Qxd3+ 56. Ke5 Qe3+ 57. Kd5 1/2-1/2

[Event "2nd Sharjah Masters 2018"]
[Site "Sharjah UAE"]
[Date "2018.04.14"]
[Round "3.35"]
[White "Krithigga, K"]
[Black "Srija, Seshadri"]
[Result "0-1"]
[BlackTitle "WIM"]
[WhiteElo "2003"]
[BlackElo "2264"]
[WhiteFideId "25013505"]
[BlackFideId "5055903"]
[EventDate "2018.04.12"]

1. c4 e5 2. g3 Nf6 3. Bg2 c6 4. Nf3 e4 5. Nd4 d5 6. cxd5 Qxd5 7. Nb3 Qh5 8. h3
a5 9. d3 Bb4+ 10. Bd2 e3 11. Bxb4 axb4 12. Qc1 exf2+ 13. Kxf2 Be6 14. Qe3 O-O
15. N1d2 Nbd7 16. Qf3 Qg6 17. Kg1 Rfe8 18. Kh2 Qh6 19. Rhe1 Ng4+ 20. Kg1 Ne3 21.
Qf4 Qxf4 22. gxf4 Nc2 23. e4 Nxe1 24. Rxe1 Rxa2 25. Rb1 Rea8 26. Kf2 Bxb3 27.
Nxb3 R8a3 28. Nd2 Rxd3 29. Ke2 Nc5 30. Bf1 Rd8 31. Ke3 Na4 32. Nc4 b5 33. Ne5
Nxb2 34. Nxc6 Rd1 35. Rxd1 Nxd1+ 36. Kd3 b3 37. Nb4 Rf2 38. Be2 b2 39. Kd4 0-1

[Event "2nd Sharjah Masters 2018"]
[Site "Sharjah UAE"]
[Date "2018.04.14"]
[Round "3.36"]
[White "Raahul, V S"]
[Black "Ali, Abdulaziz"]
[Result "1-0"]
[WhiteElo "2258"]
[BlackElo "1877"]
[WhiteFideId "25035525"]
[BlackFideId "9304347"]
[EventDate "2018.04.12"]

1. c4 e5 2. g3 Nf6 3. Bg2 c6 4. Nf3 e4 5. Nd4 d5 6. cxd5 cxd5 7. O-O Nc6 8. Nc2
Bf5 9. d3 exd3 10. exd3 d4 11. b3 Be7 12. Bb2 O-O 13. Nba3 a6 14. Nc4 Bc5 15.
Re1 Re8 16. Rxe8+ Qxe8 17. Qd2 Qd7 18. Re1 Re8 19. Rxe8+ Nxe8 20. Bxc6 bxc6 21.
Qa5 Qd5 22. Bxd4 Bxd4 23. Nxd4 Bxd3 24. Qxd5 cxd5 25. Ne5 Bb1 26. a4 Nc7 27. b4
f6 28. Nec6 Bd3 29. Na7 Kf7 30. b5 axb5 31. axb5 Ke7 32. b6 Na6 33. f3 Kd6 34.
Nc8+ Kd7 35. b7 Kc7 36. Kf2 Bg6 37. Ne7 Kxb7 38. Nxd5 Nc5 39. Nf4 Nd3+ 40. Nxd3
Bxd3 41. Ne6 g5 42. Nc5+ 1-0

[Event "2nd Sharjah Masters 2018"]
[Site "Sharjah UAE"]
[Date "2018.04.14"]
[Round "3.37"]
[White "Ahmed, Fareed"]
[Black "El Jawich, Amro"]
[Result "0-1"]
[WhiteTitle "FM"]
[BlackTitle "FM"]
[WhiteElo "1989"]
[BlackElo "2254"]
[WhiteFideId "9303677"]
[BlackFideId "5300380"]
[EventDate "2018.04.12"]

1. e4 c5 2. Nf3 Nc6 3. Nc3 d6 4. d4 cxd4 5. Nxd4 Nf6 6. Bc4 e6 7. Bb3 a6 8. Be3
Qc7 9. Qe2 Bd7 10. O-O-O b5 11. Bg5 Be7 12. Rhe1 b4 13. Nxc6 Bxc6 14. Bxf6 gxf6
15. Nd5 exd5 16. exd5 Bb5 17. Qg4 a5 18. Re3 Kd8 19. Rde1 Re8 20. Kb1 a4 21.
Qxb4 axb3 22. axb3 Qa5 23. Qxa5+ Rxa5 24. Rh3 Bf8 25. Rxe8+ Bxe8 26. c4 Bd7 27.
Rf3 f5 28. Rh3 f4 29. Rh5 h6 30. Rh4 Bf5+ 31. Kc1 f3 32. gxf3 Be7 33. Rd4 Bf6 0-1

[Event "2nd Sharjah Masters 2018"]
[Site "Sharjah UAE"]
[Date "2018.04.14"]
[Round "3.38"]
[White "Ashwath, R."]
[Black "Abid, Ali Mujawar"]
[Result "1-0"]
[WhiteElo "2250"]
[BlackElo "1800"]
[WhiteFideId "5021049"]
[BlackFideId "25039938"]
[EventDate "2018.04.12"]

1. d4 d5 2. c4 c6 3. cxd5 cxd5 4. Bf4 Nc6 5. e3 Nf6 6. Nc3 e6 7. Bd3 a6 8. Rc1
Bd7 9. Bg5 h6 10. Bh4 Rc8 11. f4 Be7 12. Bxf6 Bxf6 13. Nf3 Qb6 14. Qd2 Na5 15.
O-O Ke7 16. Ne5 Bxe5 17. fxe5 f5 18. exf6+ gxf6 19. Qf2 Rcf8 20. e4 dxe4 21.
Nxe4 Nc6 22. Nxf6 Nxd4 23. Kh1 Bc6 24. Qh4 Qxb2 25. Ng8+ Kd6 26. Qe7+ Ke5 27.
Qc5+ Bd5 28. Qc7# 1-0

[Event "2nd Sharjah Masters 2018"]
[Site "Sharjah UAE"]
[Date "2018.04.14"]
[Round "4.2"]
[White "Maghsoodloo, Parham"]
[Black "Artemiev, Vladislav"]
[Result "1-0"]
[WhiteTitle "GM"]
[BlackTitle "GM"]
[WhiteElo "2615"]
[BlackElo "2701"]
[WhiteFideId "12539929"]
[BlackFideId "24101605"]
[EventDate "2018.04.12"]

1. Nf3 Nf6 2. g3 g6 3. Bg2 Bg7 4. c4 c6 5. d4 d5 6. Nbd2 O-O 7. O-O Bf5 8. b3
Nbd7 9. Bb2 b5 10. Nh4 Be6 11. c5 Qc7 12. Qc2 a5 13. a4 b4 14. Rfe1 Rae8 15.
Rad1 Qc8 16. f4 Ng4 17. e4 dxe4 18. Bxe4 Ndf6 19. Bd3 Nh6 20. Nc4 Bxc4 21. bxc4
e6 22. Nf3 Rd8 23. Qg2 Qc7 24. Ne5 Rc8 25. g4 Nd7 26. h3 f5 27. Bc1 Nf7 28. Nf3
Rfe8 29. Bc2 Rcd8 30. Be3 Rb8 31. Nd2 Nf6 32. Nb3 Kh8 33. Re2 h6 34. Rde1 Re7
35. Bc1 Rbe8 36. Kh1 Nh7 37. Rg1 Rg8 38. Qf3 Nf8 39. Reg2 Rd7 40. Bb2 Qd8 41.
gxf5 exf5 42. Bxf5 gxf5 43. Rxg7 Rxg7 44. d5 Ng5 45. fxg5 hxg5 46. Qxf5 Kg8 47.
Bxg7 Rxg7 48. Nd4 Qe7 49. d6 Qe8 50. Qf3 Ng6 51. Nf5 Nh4 52. Nxg7 Kxg7 53. Rxg5+
Ng6 54. Qf5 b3 55. d7 1-0

[Event "2nd Sharjah Masters 2018"]
[Site "Sharjah UAE"]
[Date "2018.04.14"]
[Round "4.3"]
[White "Safarli, Eltaj"]
[Black "Abdusattorov, Nodirbek"]
[Result "1-0"]
[WhiteTitle "GM"]
[BlackTitle "IM"]
[WhiteElo "2653"]
[BlackElo "2540"]
[WhiteFideId "13402129"]
[BlackFideId "14204118"]
[EventDate "2018.04.12"]

1. e4 e5 2. Nf3 Nc6 3. Bb5 Nf6 4. d3 d6 5. O-O Bd7 6. c4 g6 7. Nc3 Bg7 8. h3 O-O
9. Be3 Nh5 10. c5 Nd4 11. Bxd7 Qxd7 12. cxd6 Qxd6 13. Bxd4 exd4 14. Ne2 c5 15.
Nd2 b5 16. f4 c4 17. e5 Qb6 18. Ne4 f5 19. Nf2 Nxf4 20. Nxf4 Bxe5 21. Qf3 Qd6
22. Qd5+ Qxd5 23. Nxd5 Rfe8 24. a4 c3 25. bxc3 dxc3 26. axb5 Rac8 27. Nb4 Bf4
28. Nd1 Bd2 29. Nc2 Re5 30. Rxa7 Rxb5 31. Kf2 Rb1 32. d4 Re8 33. Rc7 Rc1 34.
Nde3 Rxf1+ 35. Nxf1 h5 36. Nfe3 Rb8 37. Ke2 Rb1 38. d5 Kf8 39. d6 Ke8 40. Nd5
Bg5 41. d7+ 1-0

[Event "2nd Sharjah Masters 2018"]
[Site "Sharjah UAE"]
[Date "2018.04.14"]
[Round "4.4"]
[White "Petrosian, Tigran L."]
[Black "Kovalev, Vladislav"]
[Result "1/2-1/2"]
[WhiteTitle "GM"]
[BlackTitle "GM"]
[WhiteElo "2609"]
[BlackElo "2648"]
[WhiteFideId "13301616"]
[BlackFideId "13504398"]
[EventDate "2018.04.12"]

1. Nf3 Nf6 2. g3 g6 3. Bg2 Bg7 4. O-O O-O 5. d4 d5 6. c4 c6 7. b3 dxc4 8. bxc4
c5 9. Bb2 cxd4 10. Nxd4 Qc7 11. Qb3 Nc6 12. Na3 a6 13. Nxc6 bxc6 14. Qa4 Bd7 15.
c5 Be6 16. Nc4 Bxc4 17. Qxc4 e6 18. Bxf6 Bxf6 19. Rab1 Rfb8 20. Rxb8+ Rxb8 21.
Qxa6 Rb5 22. Rc1 Be7 23. Qxc6 Qxc6 24. Bxc6 Rxc5 25. Rxc5 Bxc5 26. a4 Bb6 27. e3
Kf8 28. Kf1 Ke7 29. Ke2 Kd6 30. Be8 f5 31. Bf7 g5 32. h3 e5 33. g4 f4 34. Kd3
fxe3 35. f3 e4+ 36. fxe4 Ke5 37. Bd5 h6 38. Bc6 Kf4 39. Ke2 Ke5 40. Kf3 Kd4 41.
Bb5 Ke5 42. Bd3 Kd4 43. Bf1 Ke5 44. Bg2 Kd4 45. Ke2 Bc7 46. e5 Bxe5 47. a5 1/2-1/2

[Event "2nd Sharjah Masters 2018"]
[Site "Sharjah UAE"]
[Date "2018.04.14"]
[Round "4.5"]
[White "Vishnu Prasanna, V"]
[Black "Sethuraman, S.P."]
[Result "0-1"]
[WhiteTitle "GM"]
[BlackTitle "GM"]
[WhiteElo "2510"]
[BlackElo "2631"]
[WhiteFideId "5030692"]
[BlackFideId "5021596"]
[EventDate "2018.04.12"]

1. e4 e5 2. Nf3 Nc6 3. Bb5 Nf6 4. d3 Bc5 5. c3 O-O 6. Nbd2 d6 7. h3 Ne7 8. Nf1
Ng6 9. Ng3 c6 10. Ba4 Bb6 11. O-O d5 12. Bb3 h6 13. exd5 cxd5 14. d4 e4 15. Ne5
Bc7 16. Nh5 Be6 17. f4 exf3 18. Nxf6+ Qxf6 19. Rxf3 Qe7 20. Qe1 Nxe5 21. dxe5 f6
22. Qh4 Bxe5 23. Be3 a5 24. Re1 Rae8 25. Bc2 Bf7 26. Bxh6 f5 27. Bg5 Bh2+ 28.
Kf1 Qc5 29. Bxf5 Qg1# 0-1

[Event "2nd Sharjah Masters 2018"]
[Site "Sharjah UAE"]
[Date "2018.04.14"]
[Round "4.6"]
[White "Kryvoruchko, Yuriy"]
[Black "Adhiban, Baskaran"]
[Result "0-1"]
[WhiteTitle "GM"]
[BlackTitle "GM"]
[WhiteElo "2703"]
[BlackElo "2661"]
[WhiteFideId "14109182"]
[BlackFideId "5018471"]
[EventDate "2018.04.12"]

1. e4 c6 2. d4 d5 3. e5 c5 4. dxc5 e6 5. Nf3 Bxc5 6. a3 Ne7 7. Bd3 Ng6 8. O-O
Nc6 9. b4 Bb6 10. Bb2 Nf4 11. c4 O-O 12. Nc3 f6 13. exf6 Qxf6 14. Na4 Bd4 15.
Nxd4 Nxd4 16. Kh1 Qg5 17. Rg1 e5 18. cxd5 Rf6 19. Bf1 Rh6 20. h3 Nde2 21. Qb3
Bxh3 0-1

[Event "2nd Sharjah Masters 2018"]
[Site "Sharjah UAE"]
[Date "2018.04.14"]
[Round "4.7"]
[White "Grandelius, Nils"]
[Black "Amin, Bassem"]
[Result "1-0"]
[WhiteTitle "GM"]
[BlackTitle "GM"]
[WhiteElo "2652"]
[BlackElo "2700"]
[WhiteFideId "1710400"]
[BlackFideId "10601457"]
[EventDate "2018.04.12"]

1. e4 e5 2. Nf3 Nc6 3. Bb5 a6 4. Ba4 Nf6 5. O-O Be7 6. Re1 b5 7. Bb3 d6 8. c3
O-O 9. h3 Nb8 10. d4 Nbd7 11. c4 c6 12. Nc3 b4 13. Ne2 Nxe4 14. Qc2 f5 15. c5+
d5 16. Be3 Kh8 17. Nxe5 Nxe5 18. dxe5 Bh4 19. g3 Bg5 20. Bxg5 Qxg5 21. h4 Qe7
22. f3 Qxc5+ 23. Qxc5 Nxc5 24. Nd4 f4 25. g4 Bb7 26. Bc2 Rae8 27. e6 Bc8 28. Bf5
g6 29. e7 Rg8 30. Bxc8 Rxc8 31. Nxc6 Nd3 32. Re6 Rge8 33. Rd1 Nc5 34. Rd6 Kg7
35. R1xd5 Nb7 36. Rd8 Nxd8 37. exd8=Q Rexd8 38. Nxd8 Rc1+ 39. Kf2 Rc2+ 40. Ke1
Rxb2 41. Ra5 b3 42. axb3 Rxb3 43. Ne6+ Kf6 44. Nd4 Rb1+ 45. Kd2 Rh1 46. Kd3 1-0

[Event "2nd Sharjah Masters 2018"]
[Site "Sharjah UAE"]
[Date "2018.04.14"]
[Round "4.8"]
[White "Eljanov, Pavel"]
[Black "Jumabayev, Rinat"]
[Result "1-0"]
[WhiteTitle "GM"]
[BlackTitle "GM"]
[WhiteElo "2700"]
[BlackElo "2612"]
[WhiteFideId "14102951"]
[BlackFideId "13702661"]
[EventDate "2018.04.12"]

1. d4 Nf6 2. Nf3 g6 3. Bg5 Bg7 4. c3 d6 5. e3 h6 6. Bh4 O-O 7. Be2 Qe8 8. Nbd2
e5 9. O-O Nfd7 10. e4 Nc6 11. Rc1 Bf6 12. Bg3 Nb6 13. d5 Nb8 14. c4 N6d7 15. b4
a5 16. a3 b6 17. Nb1 Bg7 18. Nfd2 h5 19. Nc3 axb4 20. axb4 Bh6 21. Rb1 Qe7 22.
Nf3 f5 23. exf5 gxf5 24. Nb5 Nf6 25. Nh4 Qg7 26. f4 Ne4 27. Bxh5 Nxg3 28. hxg3
Qxg3 29. Ng6 Ra2 30. Qf3 Qxf3 31. Rxf3 Bxf4 32. Nxf8 Kxf8 33. Nxc7 Ke7 34. Rxf4
exf4 35. Re1+ Kd8 36. Nb5 Na6 37. Re8+ Kd7 38. Rg8 Nxb4 39. Bg6 Ra1+ 40. Kh2 Ke7
41. Rxc8 Kf6 42. Bh5 Nd3 43. Bf3 1-0

[Event "2nd Sharjah Masters 2018"]
[Site "Sharjah UAE"]
[Date "2018.04.14"]
[Round "4.9"]
[White "Rakhmanov, Aleksandr"]
[Black "Inarkiev, Ernesto"]
[Result "1/2-1/2"]
[WhiteTitle "GM"]
[BlackTitle "GM"]
[WhiteElo "2652"]
[BlackElo "2680"]
[WhiteFideId "4173708"]
[BlackFideId "4162722"]
[EventDate "2018.04.12"]

1. Nf3 d5 2. g3 Nf6 3. Bg2 g6 4. O-O Bg7 5. c4 c6 6. cxd5 cxd5 7. d4 O-O 8. Ne5
Ng4 9. Nf3 Nf6 10. Ne5 Ng4 11. Nf3 Nf6 1/2-1/2

[Event "2nd Sharjah Masters 2018"]
[Site "Sharjah UAE"]
[Date "2018.04.14"]
[Round "4.10"]
[White "Yakubboev, Nodirbek"]
[Black "Jones, Gawain C B"]
[Result "1/2-1/2"]
[WhiteTitle "IM"]
[BlackTitle "GM"]
[WhiteElo "2482"]
[BlackElo "2675"]
[WhiteFideId "14203987"]
[BlackFideId "409561"]
[EventDate "2018.04.12"]

1. d4 Nf6 2. c4 g6 3. g3 c5 4. dxc5 Qa5+ 5. Nc3 Bg7 6. Bg2 Qxc5 7. Qa4 Ng4 8.
Nh3 Bxc3+ 9. bxc3 Nc6 10. Ba3 Qa5 11. Qxa5 Nxa5 12. c5 Rb8 13. Rb1 b6 14. cxb6
Rxb6 15. O-O d6 16. Rxb6 axb6 17. Nf4 Nc4 18. Bb4 Nf6 19. Nd5 Nxd5 20. Bxd5 Be6
21. Bxc4 Bxc4 22. Ra1 Kd7 23. Kf1 Ra8 24. a4 g5 25. f3 Kc6 26. Kf2 f5 27. a5 g4
28. Ra3 b5 29. Ra1 h5 30. h3 Rf8 31. hxg4 fxg4 32. Ke3 Rf6 33. a6 Rf8 34. a7 Kb7
35. a8=Q+ Rxa8 36. Rxa8 Kxa8 37. fxg4 hxg4 38. Kd2 Kb7 39. e4 Kc6 40. e5 Kd5 41.
exd6 exd6 42. Ba3 Bf1 43. Bb4 Bg2 44. Ba3 Be4 45. Bb4 Bf5 46. Ba3 Ke5 47. Ke3
Be6 48. Bb4 Kd5 49. Kd2 Bf7 50. Ba3 Ke5 51. Ke3 Bg6 52. Bb4 d5 53. Bc5 Bf5 54.
Bd4+ Kd6 55. Kd2 Bd7 56. Ke3 Kc6 57. Kd2 Kb7 58. Bc5 Kc6 59. Bd4 Bf5 60. Ke3 Be4
61. Kf4 Bf3 62. Ke3 Kb7 63. Bc5 Ka6 64. Bb4 Kb7 65. Kd4 Kc7 66. Kc5 Kd7 67. Kxb5
Ke6 68. Ba5 Kf5 69. Bc7 Ke4 70. Kb4 Kd3 71. Bf4 d4 72. cxd4 Kxd4 1/2-1/2

[Event "2nd Sharjah Masters 2018"]
[Site "Sharjah UAE"]
[Date "2018.04.14"]
[Round "4.11"]
[White "Naiditsch, Arkadij"]
[Black "Narayanan, S.L."]
[Result "1-0"]
[WhiteTitle "GM"]
[BlackTitle "GM"]
[WhiteElo "2701"]
[BlackElo "2568"]
[WhiteFideId "4650891"]
[BlackFideId "5058422"]
[EventDate "2018.04.12"]

1. e4 e5 2. Nf3 Nc6 3. Bb5 a6 4. Ba4 Nf6 5. d3 b5 6. Bb3 Be7 7. a4 b4 8. Nbd2
O-O 9. Nc4 d6 10. h3 h6 11. a5 Be6 12. O-O Na7 13. c3 bxc3 14. bxc3 Rb8 15. Be3
c5 16. Nfd2 Nb5 17. Qc2 Nd7 18. Rfb1 Bf6 19. Rb2 Qc7 20. Rab1 Rb7 21. Ba4 Rfb8
22. Qc1 h5 23. Nf1 g6 24. Bd2 d5 25. exd5 Bxd5 26. Ng3 Bxc4 27. dxc4 Nd6 28.
Rxb7 Rxb7 29. Rxb7 Qxb7 30. Bg5 h4 31. Nh5 Bxg5 32. Qxg5 Ne4 33. Qd8+ Nf8 34.
Nf6+ Nxf6 35. Qxf6 Qb1+ 36. Kh2 Qe4 37. Bc6 Qxc4 38. Qxe5 Qa2 39. Qxc5 Ne6 40.
Bd5 Qd2 41. Qd6 Kh7 42. Qe5 Nf4 43. Bf3 Ne6 44. Qf6 Qxf2 45. Qxf7+ Ng7 46. Qc7
Kh6 47. Bg4 Qe3 48. c4 Ne8 49. Qb8 Nf6 50. Bf3 Nd7 51. Qh8+ Kg5 52. Qd8+ Nf6 53.
Qd6 Nd7 54. Bb7 Qc5 55. Qd2+ Kf6 56. Qf4+ Kg7 57. Bd5 Qe7 58. Qc7 Kf6 59. Qf4+
Kg7 60. Qd4+ Qf6 61. Qe3 Qd6+ 62. Kh1 Nf6 63. Bf3 Nd7 64. Qg5 Qf6 65. Qd5 Qe7
66. Qd4+ Kh7 67. Kh2 Nc5 68. Qf4 Nd3 69. Qb8 Ne5 70. Bd5 Qf6 71. Qa7+ Kh6 72.
Qe3+ Kg7 73. c5 Qe7 74. Kh1 Qf6 75. Kg1 Kf8 76. Bb7 Nc4 77. Qe4 Nxa5 78. Bd5
Qa1+ 79. Kh2 Qf6 80. c6 Qd6+ 81. Kh1 Qc5 82. Qf4+ Ke7 83. c7 Qc3 84. Qxh4+ 1-0

[Event "2nd Sharjah Masters 2018"]
[Site "Sharjah UAE"]
[Date "2018.04.14"]
[Round "4.12"]
[White "Kravtsiv, Martyn"]
[Black "Dhulipalla, Bala Chandra Prasad"]
[Result "1-0"]
[WhiteTitle "GM"]
[BlackTitle "IM"]
[WhiteElo "2680"]
[BlackElo "2294"]
[WhiteFideId "14113147"]
[BlackFideId "25005812"]
[EventDate "2018.04.12"]

1. e4 e5 2. Nf3 Nc6 3. Bb5 a6 4. Ba4 Nf6 5. O-O Be7 6. Re1 b5 7. Bb3 d6 8. c3
O-O 9. h3 Nb8 10. d4 Nbd7 11. Nbd2 Bb7 12. Bc2 Re8 13. Nf1 Bf8 14. Ng3 g6 15. a4
c5 16. d5 c4 17. Bg5 Nc5 18. Qd2 Be7 19. Bh6 Nfd7 20. Nh2 bxa4 21. Bxa4 Nxa4 22.
Rxa4 a5 23. Ng4 Ba6 24. Rf1 Nc5 25. Ra2 Bc8 26. Be3 Bxg4 27. hxg4 Qb6 28. Kh2
Reb8 29. Bxc5 Qxc5 30. Rh1 Bf8 31. Kg1 h6 32. Nf1 Qb5 33. Qd1 Kg7 34. Nd2 Be7
35. Qf1 Rc8 36. g3 Bg5 37. Qe2 Rab8 38. Kg2 Bxd2 39. Qxd2 g5 40. Rha1 Rc5 41.
Qe2 Qb6 42. Qf3 Qc7 43. Rh1 Qe7 44. Qf5 Rcb5 45. Raa1 Rh8 46. Ra4 Rc5 47. Rha1
Ra8 48. Qf3 Qc7 49. Qe2 Rb8 50. R1a2 Ra8 51. Ra1 Rb8 52. Rh1 Rh8 53. f4 exf4 54.
gxf4 gxf4 55. Kf3 f6 56. Qd2 Qd7 57. Raa1 Rb5 58. Rh2 Qe7 59. Rah1 Qf8 60. Qxf4
Kg8 61. Rxh6 Rxh6 62. Rxh6 Kg7 63. g5 1-0

[Event "2nd Sharjah Masters 2018"]
[Site "Sharjah UAE"]
[Date "2018.04.14"]
[Round "4.13"]
[White "Srija, Seshadri"]
[Black "Tabatabaei, M.amin"]
[Result "0-1"]
[WhiteTitle "WIM"]
[BlackTitle "IM"]
[WhiteElo "2264"]
[BlackElo "2605"]
[WhiteFideId "5055903"]
[BlackFideId "12521213"]
[EventDate "2018.04.12"]

1. e4 c6 2. d4 d5 3. e5 Bf5 4. Nf3 e6 5. Be2 Nd7 6. O-O h6 7. Nbd2 Ne7 8. Nb3 g5
9. Ne1 Qc7 10. Nd3 Ng6 11. Be3 O-O-O 12. Bg4 Bxg4 13. Qxg4 Be7 14. Rac1 h5 15.
Qe2 f5 16. f4 gxf4 17. Nxf4 Nxf4 18. Bxf4 Kb8 19. c4 dxc4 20. Qxc4 Nf8 21. Bd2
Rd5 22. Bb4 Rg8 23. Nc5 Bxc5 24. Bxc5 Ka8 25. Qe2 Nd7 26. Rf4 Nxc5 27. Rxc5 Qd8
28. Rxd5 Qxd5 29. b3 c5 30. dxc5 Qxc5+ 31. Rf2 h4 32. Qc4 Qxe5 33. Re2 Qa1+ 34.
Kf2 Qh1 35. Qxh4 Rxg2+ 36. Ke3 Qc1+ 37. Kf3 Qc6+ 38. Ke3 Qc5+ 39. Kf3 Qc6+ 40.
Ke3 Qc1+ 41. Kf3 Qc6+ 42. Ke3 Qc5+ 43. Kd2 Qd5+ 44. Kc3 Qf3+ 45. Kd4 0-1

[Event "2nd Sharjah Masters 2018"]
[Site "Sharjah UAE"]
[Date "2018.04.14"]
[Round "4.15"]
[White "Petrosyan, Manuel"]
[Black "Ashwath, R."]
[Result "1/2-1/2"]
[WhiteTitle "GM"]
[WhiteElo "2560"]
[BlackElo "2250"]
[WhiteFideId "13300857"]
[BlackFideId "5021049"]
[EventDate "2018.04.12"]

1. d4 d5 2. c4 e6 3. Nc3 Bb4 4. Nf3 Nf6 5. Bg5 Nbd7 6. e3 c5 7. cxd5 exd5 8. Be2
Qa5 9. O-O Bxc3 10. bxc3 c4 11. Qc2 Ne4 12. Rac1 Nxg5 13. Nxg5 Nf6 14. Nf3 g6
15. Ne5 O-O 16. f3 b5 17. Qd2 Kg7 18. Bd1 Qc7 19. Rb1 a6 20. Bc2 Bb7 21. a4 Nd7
22. Nxd7 Qxd7 23. e4 Bc6 24. a5 Qc7 25. Rbe1 Qxa5 26. exd5 Bxd5 27. Re5 Qd8 28.
Be4 Bxe4 29. fxe4 Qd6 30. Qe3 Rae8 31. Rxe8 Rxe8 32. e5 Qd5 33. Rf6 a5 34. Rd6
Qb7 35. h4 h5 36. Qf4 Qe7 37. Rc6 a4 38. Ra6 Rc8 39. d5 b4 40. cxb4 c3 41. Rxa4
c2 42. Ra1 c1=Q+ 43. Rxc1 Rxc1+ 44. Qxc1 Qxb4 45. Qd1 Kf8 46. d6 Ke8 47. Qc1
Qd4+ 48. Kf1 Qd3+ 49. Kf2 Qd4+ 50. Qe3 Qxh4+ 51. Kg1 Kd7 52. Qc3 Ke6 53. g3 Qa4
54. Kf2 Qd7 55. Qe3 f6 56. exf6+ Kxf6 57. Qd4+ Ke6 58. Qe4+ Kxd6 59. Qxg6+ Ke5
60. Qxh5+ Qf5+ 61. Qxf5+ Kxf5 62. Kf3 Kg5 63. g4 Kg6 64. Kf4 Kf6 65. g5+ Kg6 66.
Kg4 Kg7 67. Kh5 Kh7 68. g6+ Kg7 69. Kg5 Kg8 70. Kh6 Kh8 71. g7+ Kg8 72. Kg6 1/2-1/2

[Event "2nd Sharjah Masters 2018"]
[Site "Sharjah UAE"]
[Date "2018.04.14"]
[Round "4.16"]
[White "Puranik, Abhimanyu"]
[Black "Aradhya, Garg"]
[Result "1-0"]
[WhiteTitle "GM"]
[WhiteElo "2520"]
[BlackElo "2218"]
[WhiteFideId "5061245"]
[BlackFideId "25006746"]
[EventDate "2018.04.12"]

1. e4 e5 2. Nf3 Nc6 3. Bb5 a6 4. Ba4 Nf6 5. O-O Be7 6. Re1 b5 7. Bb3 d6 8. c3
O-O 9. d4 Bg4 10. d5 Na5 11. Bc2 Qc8 12. h3 Bh5 13. Nbd2 c6 14. dxc6 Qxc6 15.
Nf1 Rfd8 16. Ng3 Bg6 17. Nh4 d5 18. Nxg6 hxg6 19. exd5 Nxd5 20. Qe2 b4 21. cxb4
Bxb4 22. Rd1 Rac8 23. Be4 f5 24. Bg5 fxe4 25. Bxd8 Rxd8 26. Rac1 Qe6 27. Nxe4
Bf8 28. Qf3 Be7 29. Nc5 Qf7 30. Qxf7+ Kxf7 31. Nxa6 e4 32. Nc5 e3 33. fxe3 Bg5
34. Kh1 Bxe3 35. Rc2 g5 36. Ne4 g4 37. Re2 Bh6 38. hxg4 Bf4 39. g3 Bc7 40. Ng5+
Kf6 41. Ne6 Nf4 42. g5+ Kf5 43. Rxd8 Nxe2 44. Nxc7 Nc4 45. Kg2 Kxg5 46. b3 Na3
47. Nb5 Nb1 48. Rd1 Nbc3 49. Nxc3 Nxc3 50. Rd2 Kf5 51. a4 Ke4 52. a5 Ke3 53. Rd7
g5 54. a6 1-0